Dog day afternoon (Record no. 136372)
[ view plain ]
| 000 -LEADER | |
|---|---|
| fixed length control field | 02491ngm a2200433 a 4500 |
| 001 - CONTROL NUMBER | |
| control field | vtls003216769 |
| 003 - CONTROL NUMBER IDENTIFIER | |
| control field | MY-SjTCS |
| 005 - DATE AND TIME OF LATEST TRANSACTION | |
| control field | 20200226114657.0 |
| 007 - PHYSICAL DESCRIPTION FIXED FIELD--GENERAL INFORMATION | |
| fixed length control field | vd cvacrs |
| 008 - FIXED-LENGTH DATA ELEMENTS--GENERAL INFORMATION | |
| fixed length control field | 110421s2003 cau248 |00 vleng d |
| 039 #9 - LEVEL OF BIBLIOGRAPHIC CONTROL AND CODING DETAIL [OBSOLETE] | |
| Level of rules in bibliographic description | 201206131237 |
| Level of effort used to assign nonsubject heading access points | stazrina |
| Level of effort used to assign subject headings | 201106171043 |
| Level of effort used to assign classification | wilmina |
| -- | 201104211727 |
| -- | malathy |
| 041 1# - LANGUAGE CODE | |
| Language code of text/sound track or separate title | eng |
| Language code of summary or abstract | engfrespa |
| 043 ## - GEOGRAPHIC AREA CODE | |
| Geographic area code | n-us-ny |
| 082 04 - DEWEY DECIMAL CLASSIFICATION NUMBER | |
| Classification number | 791.4372 |
| Item number | DOG 2003 |
| 245 00 - TITLE STATEMENT | |
| Title | Dog day afternoon |
| Medium | [videorecording] / |
| Statement of responsibility, etc. | Warner Bros. Inc. ; an Artists Entertainment Complex Inc. production. |
| 260 ## - PUBLICATION, DISTRIBUTION, ETC. | |
| Place of publication, distribution, etc. | Burbank, CA : |
| Name of publisher, distributor, etc. | Warner Home Video, |
| Date of publication, distribution, etc. | c2003. |
| 300 ## - PHYSICAL DESCRIPTION | |
| Extent | 2 videodisc (248 min.) : |
| Other physical details | sd., col. ; |
| Dimensions | 4 3/4 in. |
| 500 ## - GENERAL NOTE | |
| General note | Originally released as a motion picture by Warner Bros., Inc. in 1975 |
| 500 ## - GENERAL NOTE | |
| General note | Special features: Side A contains standard version (124 min.). Side B contains widescreen version (124 min.). |
| 508 ## - CREATION/PRODUCTION CREDITS NOTE | |
| Creation/production credits note | Director, Sidney Lumet ; producers, Martin Bregman, Martin Elfand ; screenplay, Frank Pierson ; editor, Dede Allen ; cinematography, Victor J. Kemper ; production design, Charles Bailey ; art direction, Douglas Higgins ; set decoration, Robert Drumheller ; costume design, Anna Hill Johnstone. |
| 511 1# - PARTICIPANT OR PERFORMER NOTE | |
| Participant or performer note | Al Pacino, Penelope Allen, Sully Boyar, John Cazale, Beulah Garrick, Carol Kane, Sandra Kazan, Marcia Jean Kurtz, Amy Levitt, John Marriott, Estelle Omens, Gary Springer, James Broderick, Charles Durning, Carmine Foresta, Lance Henriksen, Floyd Levine, Dick Anthony Williams, Dominic Chianese, Marcia Haufrecht, Judith Malina, Susan Peretz, Chris Sarandon, William Bogert, Ron Cummins, Jay Gerber, Philip Charles MacKenzie, Chu Chu Malave, Lionel Pina. |
| 520 ## - SUMMARY, ETC. | |
| Summary, etc. | Based on actual events that took place one hot August afternoon in 1972, the movie recreates the incredible circumstances surrounding an ill-fated Brooklyn bank robbery attempt. |
| 538 ## - SYSTEM DETAILS NOTE | |
| System details note | DVD. |
| 546 ## - LANGUAGE NOTE | |
| Language note | English, French or Spanish subtitles. |
| 650 #0 - SUBJECT ADDED ENTRY--TOPICAL TERM | |
| Topical term or geographic name entry element | Bank robberies |
| Geographic subdivision | New York (State) |
| -- | New York |
| Form subdivision | Drama. |
| 650 #0 - SUBJECT ADDED ENTRY--TOPICAL TERM | |
| Topical term or geographic name entry element | Film adaptations. |
| 9 (RLIN) | 8515 |
| 650 #0 - SUBJECT ADDED ENTRY--TOPICAL TERM | |
| Topical term or geographic name entry element | Tragicomedy. |
| 9 (RLIN) | 95008 |
| 700 1# - ADDED ENTRY--PERSONAL NAME | |
| Personal name | Bregman, Martin, 1926- |
| 9 (RLIN) | 51787 |
| 700 1# - ADDED ENTRY--PERSONAL NAME | |
| Personal name | Broderick, James. |
| 700 1# - ADDED ENTRY--PERSONAL NAME | |
| Personal name | Cazale, John, |
| Dates associated with a name | 1936-1978. |
| 9 (RLIN) | 52860 |
| 700 1# - ADDED ENTRY--PERSONAL NAME | |
| Personal name | Durning, Charles, |
| Dates associated with a name | 1923- |
| 9 (RLIN) | 28632 |
| 700 1# - ADDED ENTRY--PERSONAL NAME | |
| Personal name | Elfand, Martin. |
| 9 (RLIN) | 51825 |
| 700 1# - ADDED ENTRY--PERSONAL NAME | |
| Personal name | Lumet, Sidney, |
| Dates associated with a name | 1924-2011. |
| 700 1# - ADDED ENTRY--PERSONAL NAME | |
| Personal name | Pacino, Al, |
| Dates associated with a name | 1940- |
| 9 (RLIN) | 28545 |
| 700 1# - ADDED ENTRY--PERSONAL NAME | |
| Personal name | Pierson, Frank R. |
| 9 (RLIN) | 51824 |
| 710 2# - ADDED ENTRY--CORPORATE NAME | |
| Corporate name or jurisdiction name as entry element | Warner Bros. |
| 9 (RLIN) | 24811 |
| 710 2# - ADDED ENTRY--CORPORATE NAME | |
| Corporate name or jurisdiction name as entry element | Warner Home Video (Firm) |
| 9 (RLIN) | 13225 |
| 920 ## - Programme | |
| Programme | ADTP : 162523 |
| Withdrawn status | Lost status | Source of classification or shelving scheme | Damaged status | Not for loan | Home library | Current library | Date acquired | Serial Enumeration / chronology | Total Checkouts | Barcode | Date last seen | Date last checked out | Copy number | Koha item type | Public note |
|---|---|---|---|---|---|---|---|---|---|---|---|---|---|---|---|
| Missing | Dewey Decimal Classification | Taylor's Library-TU | Taylor's Library-TU | 15/06/2011 | Set of 2 DVDs | 1 | 1000525445 | 05/12/2019 | 05/09/2011 | 1 | Media Resources | SLASx,05000,01,GR |